000 00673nam a2200241Ia 4500
003 OSt
005 20220918222330.0
006 a|||||r|||| 00| 0
007 ta
008 220917b |||||||| |||| 00| 0 eng d
024 _a216,447
037 _cTextual
040 _aARTS
_cARTS
_beng
041 _2eng
_aeng
082 _aV656:91.N9, N9
100 _aLyons Terrence
_9142807
245 0 _aVoting for peace
_b postconflict elections in Liberia
260 _aWashington
_bBrookings institution press
_c1999
300 _aviii, 104p
_ccm.
650 _aHISTORY
942 _hV656:91.N9, N9
_cTEXL
_2CC
999 _c275186
_d275186